000 00446nam a2200169Ia 4500
008 200601s9999 xx 000 0 und d
020 _a978-0-375-72196-0
050 _aREF PC 4640
050 _b.R36 1999
245 0 _aRandom House Webster's Spanish-English, English-Spanish dictionary /
250 _a2nd Edition
260 _aNew York :
260 _bRandom House, Inc.
260 _c1999
300 _a693 pages :
300 _c21 cm.
999 _c363391
_d363391